[Event "FRA-ch U12 Girls"]
[Site "Montlucon"]
[Date "2011.04.21"]
[Round "6"]
[White "Le Bihan, Alison"]
[Black "Darroux, Laure"]
[Result "1-0"]
[WhiteElo "1600"]
[BlackElo "1400"]
[PlyCount "51"]
[EventDate "2011.04.17"]
[EventType "swiss"]
[EventRounds "9"]
[EventCountry "FRA"]
[SourceTitle "CBM 142 Extra"]
[Source "ChessBase"]
[SourceDate "2011.06.27"]
[SourceVersion "1"]
[SourceVersionDate "2011.06.27"]
[SourceQuality "1"]

1. d4 d5 2. Nf3 Bg4 3. g3 Nc6 4. Bg2 Nf6 5. 0-0 e6 6. c4 Qd7 7. Ne5 Nxe5 8. dxe5 Ng8 9. cxd5 exd5 10. Bxd5 0-0-0 11. Nc3 Bb4 12. Qb3 c6 13. Qxb4 cxd5 14. Qc5+ Kb8 15. f3 Bh3 16. Rd1 Ne7 17. Bg5 Rc8 18. Qxe7 Qxe7 19. Bxe7 Rhe8 20. Bd6+ Ka8 21. Rac1 a6 22. Nxd5 Rxc1 23. Rxc1 Ka7 24. Rc7 Kb8 25. Rd7+ Ka7 26. Bc5+ 1-0